Catálogo público

Estudio de la pequeña industria azucarera: (Record no. 171236)

MARC details
000 -CABECERA
campo de control de longitud fija 02888nam a2200397 a 4500
001 - NÚMERO DE CONTROL
campo de control dia_688
003 - IDENTIFICADOR DEL NÚMERO DE CONTROL
campo de control CHAP
005 - FECHA Y HORA DE LA ÚLTIMA TRANSACCIÓN
campo de control 20260122085533.0
007 - CAMPO FIJO DE DESCRIPCIÓN FÍSICA--INFORMACIÓN GENERAL
campo de control de longitud fija ta
008 - DATOS DE LONGITUD FIJA--INFORMACIÓN GENERAL
campo de control de longitud fija 220117s1978 mx ade frm 001 0 spa d
010 ## - NÚMERO DE CONTROL DE LA BIBLIOTECA DEL CONGRESO
Número de control de LC 171236
040 ## - FUENTE DE LA CATALOGACIÓN
Centro catalogador/agencia de origen mxchpua
Centro/agencia transcriptor CHAP
041 0# - CÓDIGO DE LENGUA
Código de lengua del texto/banda sonora o título independiente spa
090 ## - LOCALMENTE ASIGNADO TIPO-LC NÚMERO DE CLASIFICACIÓN (OCLC); NÚMERO DE CLASIFICACIÓN LOCAL (RLIN)
Número de clasificación (OCLC) (R) ; Numero de clasificación, CALL (RLIN) (NR) Tesis
Número cutter local (OCLC) ; Número de libro/Signatura topográfica íntegra, CALL (RLIN) N35
año 1978
100 1# - ENTRADA PRINCIPAL--NOMBRE DE PERSONA
Nombre de persona Nájera Fernández, Héctor
245 10 - MENCIÓN DE TÍTULO
Título Estudio de la pequeña industria azucarera:
Resto del título alternativas viables de rentabilidad /
Mención de responsabilidad, etc. Héctor Nájera Fernández
264 ## - PRODUCCIÓN, PUBLICACIÓN, DISTRIBUCIÓN, FABRICACIÓN Y COPYRIGHT
Producción, publicación, distribución, fabricación y copyright IPN, México :
Nombre del de productor, editor, distribuidor, fabricante El autor,
Fecha de producción, publicación, distribución, fabricación o copyright 1978
300 ## - DESCRIPCIÓN FÍSICA
Extensión 121 hojas :
Otras características físicas ilustraciones, tablas, gráficas, planos
336 ## - TIPO DE CONTENIDO
Fuente rdacontent
Término de tipo de contenido texto
Código de tipo de contenido txt
337 ## - TIPO DE MEDIO
Fuente rdamedia
Nombre/término del tipo de medio no mediado
Código del tipo de medio n
338 ## - TIPO DE SOPORTE
Fuente rdacarrier
Nombre/término del tipo de soporte volumen
Código del tipo de soporte nc
502 ## - NOTA DE TESIS
Nota de tesis Tesis
Tipo de título (Ingeniero Bioquímico) - -
Nombre de la institución que otorga el título I.P.N. Escuela Nacional de Ciencias Biológicas,
Año de obtención del título 1978
504 ## - NOTA DE BIBLIOGRAFÍA, ETC.
Nota de bibliografía, etc. Bibliografía: hojas 120-121
505 ## - NOTA DE CONTENIDO CON FORMATO
Nota de contenido con formato 1 plano : --<br/>1. Plano del trapiche.
520 ## - SUMARIO, ETC.
Sumario, etc. La industria azucarera está considerada como la agroindustria más importante del país, ya que es creadora potencial de divisas, es una fuente generadora de empleos muy grande y es la segunda fuente energética de alimentos para nuestra población. Esta industria se desarrolla en los estados del territorio nacional, siendo la superficie total cultivada de caña de azúcar en el país, en el año de 1976, de 446,163 Has.(5) Actualmente existen 65 ingenios azucareros diseminados en 'el país, de los cuales 30 son oficiales, 33 son privados y 2 son cooperativas.(5.) La industria azucarera es un regulador de la actividad económica nacional. La base de la economía del país es el azúcar. Por ello la existencia en el mercado de cantidades suficientes, al precio más barato posible, es imperativo para el desarrollo del país. La demanda de azúcar en el país se incrementa año con año. Según declaraciones del Sindicato de Trabajadores Azucareros, se espera para 1978 un incremento del consumo interno del orden de 150,000 toneladas de azúcar. Los esfuerzos oficiales para satisfacer la demanda interna de azúcar en el país, se han enfocado a reagrupar la zona de abastecimiento de los ingenios para poder abatir los costos de mano de obra y optimizar los costos de siembra y cosecha mediante la operación colectiva, la mecanizaci6n, la aplicación de técnicas modernas y la introducción de variedades de caña que por su contenido de sacarosa incrementen los rendimientos del cultivo.
650 13 - PUNTO DE ACCESO ADICIONAL DE MATERIA--TÉRMINO DE MATERIA
Término de materia o nombre geográfico como elemento de entrada Industria azucarera
Fuente del encabezamiento o término atg
650 13 - PUNTO DE ACCESO ADICIONAL DE MATERIA--TÉRMINO DE MATERIA
Término de materia o nombre geográfico como elemento de entrada Productos de azúcar
Fuente del encabezamiento o término atg
650 13 - PUNTO DE ACCESO ADICIONAL DE MATERIA--TÉRMINO DE MATERIA
Término de materia o nombre geográfico como elemento de entrada Sugar industry
Fuente del encabezamiento o término atg
650 13 - PUNTO DE ACCESO ADICIONAL DE MATERIA--TÉRMINO DE MATERIA
Término de materia o nombre geográfico como elemento de entrada Sugar products
Fuente del encabezamiento o término atg
700 1# - PUNTO DE ACCESO ADICIONAL--NOMBRE DE PERSONA
Nombre de persona Monroy Hermosillo, Oscar
Término indicativo de función/relación director
700 1# - PUNTO DE ACCESO ADICIONAL--NOMBRE DE PERSONA
Nombre de persona Aguillón Arenas, Antonio
Término indicativo de función/relación asesor
901 ## - ELEMENTOS DE DATOS A LOCAL LDA (RLIN)
a TESIS N35 1978
942 ## - ELEMENTOS DE PUNTO DE ACCESO ADICIONAL (KOHA)
Tipo de ítem Koha TESIS
Fuente del sistema de clasificación o colocación Clasificación Universidad Autónoma Chapingo
902 ## - ELEMENTOS DE DATOS B LOCAL, LDB (RLIN)
a M
905 ## - ELEMENTOS DE DATOS E LOCAL, LDE (RLIN)
a 0000001978 mx 0000000000spa00
Holdings
Estado de retiro Estado de pérdida Fuente del sistema de clasificación o colocación Estado dañado Restricciones de uso No para préstamo Código de colección Localización permanente Ubicación/localización actual Fecha de adquisición Fuente de adquisición Total de préstamos Signatura topográfica completa Código de barras Fecha visto por última vez Número de copia Precio válido a partir de Tipo de ítem Koha
    Clasificación Universidad Autónoma de Chapingo   Préstamo 5 días   Tesis Ingenieria Agroindustrial Ingenieria Agroindustrial 18/01/2022 El autor   Tesis N35 1978 1101011458 02/02/2026 Ej.1 18/01/2022 Tesis
    Clasificación Universidad Autónoma de Chapingo   Préstamo interno   Tesis Ingenieria Agroindustrial Ingenieria Agroindustrial 18/01/2022 El autor   Tesis N35 1978 1101016322 02/02/2026 Ej.2 18/01/2022 Tesis